[Event "Hamarturneringen 2015"]
[Site "Ridabu skole"]
[Date "2015.12.03"]
[Round "7"]
[White "Jotun, Jan"]
[Black "Hoel, Ole"]
[Result "1-0"]
[WhiteElo "1627"]
[BlackElo "1745"]
[PlyCount "136"]
[EventDate "2015.??.??"]

1. d4 Nf6 2. c4 e6 3. Nf3 c5 4. Nc3 b6 5. h3 Bb7 6. Bf4 d6 7. e3 Be7 8. Be2 O-O
9. O-O Nbd7 10. Qc2 cxd4 11. exd4 a6 12. Rad1 Rc8 13. Qd3 Qc7 14. Bh2 Rfd8 15.
Qe3 Nf8 16. Rc1 h6 17. b4 Ng6 18. Nd2 Nh4 19. f3 Nh7 20. d5 e5 21. Bd3 Qd7 22.
f4 exf4 23. Bxf4 Ng5 24. Qg3 Nf5 25. Bxf5 Qxf5 26. Be3 Qd3 27. h4 Re8 28. Qf2
Nh3+ 29. gxh3 Bf6 30. Bxb6 Re7 31. Nce4 Rxe4 32. Nxe4 Qxe4 33. Qf3 Qxh4 34. Qg4
Re8 35. Qxh4 Bxh4 36. Rc2 Re4 37. Rd1 Bf6 38. Bf2 Re5 39. Bg3 Rg5 40. Kh2 Bc8
41. c5 dxc5 42. bxc5 Rh5 43. h4 g5 44. d6 Bf5 45. Rc4 gxh4 46. Bf4 Be6 47. Rc2
Rf5 48. Be3 Be5+ 49. Kh1 Rf3 50. Rg2+ Kh7 51. Bd4 Bg3 52. Bb2 Bd7 53. Kg1 h3
54. Re2 h2+ 55. Rxh2 Bxh2+ 56. Kg2 Bc6 57. Kxh2 Rf2+ 58. Kg3 Rxb2 59. d7 Bxd7
60. Rxd7 Kg6 61. Rd6+ f6 62. Rxa6 Rc2 63. c6 h5 64. a4 Kg5 65. Rb6 f5 66. a5
Rc3+ 67. Kf2 h4 68. a6 Rc2+ {Tid} 
1-0

[Event "Hamarturneringen 2015"]
[Site "Ridabu skole"]
[Date "2015.12.03"]
[Round "7"]
[White "Ormåsen, Odd Steinar"]
[Black "Brobakken, Geir"]
[Result "1-0"]
[WhiteElo "1642"]
[BlackElo "1785"]
[PlyCount "59"]
[EventDate "2015.??.??"]

1. d4 Nf6 2. Nf3 d5 3. c4 e6 4. Nc3 c6 5. cxd5 exd5 6. Qc2 Bd6 7. e3 O-O 8. Bd3
Nbd7 9. Bd2 a5 10. O-O Re8 11. Rfe1 Nf8 12. h3 Ne6 13. Rab1 g6 14. a3 Ng7 15.
e4 dxe4 16. Nxe4 Nxe4 17. Bxe4 Rxe4 18. Qxe4 Bf5 19. Qe2 Bxb1 20. Rxb1 Bf8 21.
Qc4 Ne6 22. Bc3 a4 23. b3 axb3 24. Rxb3 Rb8 25. Bd2 Bg7 26. Rd3 Qd7 27. d5 Rd8
28. dxe6 Qxd3 29. Qxd3 Rxd3 30. e7
1-0